FIFA 21: Top Jogadores por overall. - Statistics

Estatísticas Gerais
  • Esse quiz foi jogado 671 vezes
  • A pontuação média é 27 de 62
Estatísticas das Respostas
No geral Jogador % Correto
92 Cristiano Ronaldo
100%
93 Lionel Messi
100%
91 Neymar Jr
98%
90 Kylian Mbappé
93%
91 Kevin de Bruyne
82%
90 Mohamed Salah
74%
90 Alisson
73%
89 Karim Benzema
71%
87 Luka Modric
71%
89 Manuel Neuer
70%
90 Sadio Mané
70%
89 Sergio Ramos
67%
88 Ederson
63%
90 Virgil van Dijk
62%
89 Casemiro
61%
88 Toni Kroos
61%
88 Harry Kane
56%
87 Roberto Firmino
55%
87 Luis Suárez
54%
89 Thibaut Courtois
53%
88 N`golo Kanté
52%
91 Jan Oblak
49%
86 Paul Pogba
49%
86 Thomas Muller
49%
90 Ter Stegen
48%
87 Trent Alexander-Arnold
47%
88 Eden Hazard
46%
87 Antoine Griezmann
44%
87 Keylor Navas
42%
87 Ángel Di María
41%
87 Bernardo Silva
41%
87 Bruno Fernandes
40%
89 Sergio Aguero
40%
87 Heung Min Son
39%
88 Joshua Kimmich
39%
86 Piqué
39%
86 Raphael Varane
39%
88 Raheem Sterling
37%
87 Andrew Robertson
36%
88 Paulo Dybala
36%
86 David De Gea
32%
87 Sergio Busquets
32%
86 Carvajal
28%
86 Jordi Alba
27%
86 Marco Verratti
27%
87 Fabinho
26%
91 Robert Lewandowisk
26%
87 Hugo Lloris
24%
87 Jadon Sancho
22%
87 Aubameyang
19%
87 Giorgio Chiellini
19%
86 Jordan Henderson
19%
86 David Silva
17%
86 Mats Hummels
16%
88 Samir Handanovic
13%
87 Aymeric Laporte
12%
88 Kalidou Koulibaly
11%
87 Ciro Immobile
9%
86 Jamie Vardy
9%
87 Wojciech Szczesny
6%
86 Yann Sommer
6%
86 Alejandro Gómez
4%
Nenhum quiz correspondente encontrado
Distribuição das Pontuações
Porcentagem de Pessoas com Cada Pontuação
Percentil de Números Respondidos
Sua Pontuação Histórica
Você não jogou esse quiz